Introducción a la topología general /
Guardado en:
| Autor Principal: | |
|---|---|
| Formato: | Libro |
| Idioma: | Spanish |
| Publicado: |
Washington, D.C. :
Programa Regional de Desarrollo Científico y Tecnológico, Departamento de Asuntos Científicos, Secretaría General de la Organización de los Estados Americanos,
1975, c1969.
|
| Edición: | 2ª ed., rev. y corr. |
| Series: | Colección de monografías científicas. Serie de matemática ;
monografía no. 9 |
| Materias: | |
| Etiquetas: |
Agregar Etiqueta
Sin Etiquetas, Sea el primero en etiquetar este registro!
|
| LEADER | 01071nam a22001935a 4500 | ||
|---|---|---|---|
| 001 | MAT.inmabb006322 | ||
| 008 | 100428t19751969dcu######b####001#0#spa## | ||
| 005 | 20180426173602.0 | ||
| 245 | 1 | 0 | |a Introducción a la topología general / |c por Juan Horváth. |
| 250 | |a 2ª ed., rev. y corr. | ||
| 260 | |a Washington, D.C. : |b Programa Regional de Desarrollo Científico y Tecnológico, Departamento de Asuntos Científicos, Secretaría General de la Organización de los Estados Americanos, |c 1975, c1969. | ||
| 300 | |a viii, 148 p. ; |c 23 cm. | ||
| 440 | 0 | |a Colección de monografías científicas. |p Serie de matemática ; |v monografía no. 9 | |
| 504 | |a Incluye referencias bibliográficas (p. 136-140) e índice. | ||
| 505 | 0 | |a Observaciones sobre terminología y notaciones -- 1. La topología de la recta real -- 2. La topología del espacio euclidiano -- 3. Espacios métricos -- 4. Espacios topológicos -- Apéndice. Algunos temas adicionales. | |
| 100 | 1 | |a Horváth, John, |d 1924-2015. | |
| 650 | 0 | |a Topology. | |
| 084 | |a 54-01 |2 msc2000 | ||
| 859 | |h 54 |i H823-2 |p A-8999 |b BIB. MATEMATICA | ||
